Pinball Machine from 1980 onwards - Statistics

General Stats
  • This quiz has been taken 214 times
    210 since last reset
  • The average score is 179 of 500
Answer Stats
maker year AnswerCue % Correct
Data East 1992 Star Wars
83%
Stern 2017 Star Wars
83%
Sonic 1987 Star Wars
83%
Data East 1993 Jurassic Park
74%
Stern 2019 Jurassic Park
74%
Stern 2012 Metallica
74%
Premier Gottlieb 1992 Super Mario Bros
71%
Data East 1991 Batman
69%
Stern 2008 Batman
69%
Sega 1995 Batman Forever
69%
Stern 2003 Simpsons Pinball Party
69%
Bally Williams 1992 The Addams Family
69%
Data East 1990 The Simpsons
69%
Stern 2011 AC/DC
67%
Stern 2015 Ghostbusters
64%
Stern Electronics 1982 Iron Maiden
64%
Stern 2017 Iron Maiden
64%
Stern 2008 NBA
64%
Stern 2007 Spiderman
64%
Data East 1991 Star Trek
64%
Stern 2013 Star Trek
64%
Gottlieb 1980 The Amazing Spiderman
64%
Jersey Jack 2013 Wizard of Oz
64%
Stern 2016 Aerosmith
62%
Playmatic 1980 Attack
62%
Williams 1991 Terminator 2
62%
Stern 2018 The Beatles
62%
Bally Williams 1995 Attack From Mars
60%
Stern 2007 Family Guy
60%
Stern 2008 Indiana Jones
60%
Williams 1993 Indiana Jones
60%
Premier Gottlieb 1985 Rock
60%
Data East 1991 Teenage Mutant Ninja Turltles
60%
Stern 2012 The Avengers
60%
Bally Williams 1993 The Twilight Zone
60%
Stern Electronics 1980 Ali
57%
Gottlieb 1981 Black Hole
57%
Williams 1980 Black Knight
57%
Williams 1990 Funhouse
57%
Gottlieb 1982 Haunted House
57%
Stern 2009 Iron Man
57%
Stern 2006 Pirates of the Caribbean
57%
Jersey Jack 2018 Pirates of the Caribbean
57%
Stern 2007 Shrek
57%
Heighway 2017 Alien
55%
Gottlieb 1980 Circus
55%
Stern 2008 CSI
55%
Stern 2004 Elvis
55%
Stern 2014 Game of Thrones
55%
Sega 1998 Godzilla
55%
Data East 1994 Guns N Roses
55%
Williams 1997 Medieval Madness
55%
Bell Games 1983 Pinball
55%
Williams 1986 Pinbot
55%
Gottlieb 1982 Rocky
55%
Bally Williams 1996 Scared Stiff
55%
Sega 1996 Space Jam
55%
Williams 1984 Space Shuttle
55%
Zaccaria 1980 Space Shuttle
55%
Stern 2011 The Rolling Stones
55%
Williams 1990 Whirlwind
55%
Bally Williams 1998 Cactus Canyon
52%
Jersey Jack 2017 Dialed In
52%
Stern 2001 Monopoly
52%
Williams 1998 Monster Bash
52%
Williams 1994 Red & Ted's Road Show
52%
Sega 1998 South Park
52%
Williams 1988 Taxi
52%
Bally Williams 1994 The Shadow
52%
Stern 2014 The Walking Dead
52%
Capcom 1996 Big Bang Bar
50%
Williams 1989 Black Knight 2000
50%
Williams 1993 Bram Stoker's Dracula
50%
Williams 1981 Cyclone
50%
Williams 1988 Cyclone
50%
Stern 2018 Deadpool
50%
Williams 1995 Dirty Harry
50%
Williams 1995 Jack Bot
50%
Stern 2015 KISS
50%
Data East 1993 Last Action Hero
50%
Stern 2003 Lord of the Rings
50%
Williams 1995 No Fear
50%
Data East 1989 Playboy
50%
Stern 2002 Playboy
50%
Bally 1980 Rolling Stones
50%
Bally Williams 1995 Theater of Magic
50%
Jersey Jack 2016 The Hobbit
50%
Williams 1991 The Machine Bride of Pinbot
50%
Data East 1994 Tommy
50%
Williams 1993 White Water
50%
Bally Williams 1994 World Cup Soccer
50%
Williams 1987 Big Guns
48%
Williams 1985 Comet
48%
Bally Williams 1992 Creature From the Black Lagoon
48%
Williams 1994 Demolition Man
48%
Bally Williams 1990 Dr Dude
48%
Williams 1987 F-14 Tomcat
48%
Gottlieb 1980 James Bond
48%
Bally Williams 1993 Judge Dredd
48%
Stern 2005 NASCAR
48%
Stern 2004 Ripley's Believe It or Not
48%
Williams 1999 Star Wars Episode 1
48%
Data East 1994 Tales From the Crypt
48%
Williams 1996 Tales of the Arabian Nights
48%
Stern 2018 The Munsters
48%
Stern 2005 The Sopranos
48%
Stern 2011 Transformers
48%
Stern 2010 Tron
48%
Stern 2015 Wrestlemania
48%
Data East 1994 WWF Royal Rumble
48%
Stern 2012 X-Men
48%
Data East 1990 Back To The Future
45%
Stern 2010 Big Buck Hunter
45%
Bally Williams 1992 Black Rose
45%
Williams 1990 Diner
45%
Bally Williams 1992 Doctor Who
45%
Bally 1981 Eight Ball Deluxe
45%
Bally Williams 1989 Elvira and the Party Monsters
45%
Williams 1987 Fire
45%
Sega 1995 Frankenstein
45%
Data East 1992 Hook
45%
Williams 1991 Hurricane
45%
Williams 1995 Johnny Mnemonic
45%
Williams 1996 Junkyard
45%
Data East 1994 Maverick
45%
Williams 1997 No Good Gofers
45%
Bally Williams 1991 Party Zone
45%
Gottlieb 1982 Spirit
45%
Stern 2003 Terminator 3
45%
Sega 1996 Twister
45%
Bally Williams 1995 WHO Dunnit
45%
Stern 2006 World Poker Tour
45%
Williams 1988 Banzai Run
43%
Sega 1995 Baywatch
43%
Bally Williams 1997 Cirqus Voltaire
43%
Stern Electronics 1982 Cue
43%
Williams 1989 Earthshaker
43%
American Pinball 2016 Houdini
43%
Bally Williams 1997 NBA Fastbreak
43%
Data East 1990 Phantom of the Opera
43%
Bally Williams 1994 Popeye Saves the Earth
43%
Premier Gottlieb 1994 Rescue 911
43%
Data East 1989 Robocop
43%
Stern 2002 Rollercoaster Tycoon
43%
Bally 1980 Space Invaders
43%
Williams 1987 Space Station
43%
Sega 1997 Starship Troopers
43%
Williams 1993 Star Trek: The Next Generation
43%
Bally Williams 1998 The Champion Pub
43%
Sega 1997 The X-Files
43%
Stern 2007 Wheel of Fortune
43%
Stern 2015 Whoa Nellie Big Juicy Melons
43%
Data East 1993 Adventures of Rocky & Bullwinkle
40%
Spooky Pinball 2018 Alice Cooper's Nightmare Castle
40%
Spooky Pinball 2014 America's Most Haunted
40%
Sega 1995 Apollo 13
40%
Stern 2001 Austin Powers
40%
Stern 2010 Avatar
40%
Williams 1989 Bad Cats
40%
Premier Gottlieb 1989 Bone Busters
40%
Stern Electronics 1981 Catacomb
40%
Bally 1981 Centaur
40%
Data East 1991 Checkpoint
40%
Zaccaria 1985 Clown
40%
Inder 1988 Clown
40%
Bally Williams 1994 Corvette
40%
Williams 1992 Fish Tales
40%
Stern Electronics 1980 Flight 2000
40%
Premier Gottlieb 1995 Frank Thomas' Big Hurt
40%
Premier Gottlieb 1989 Lights Camera Action
40%
Sega 1997 Lost World: Jurassic Park II
40%
Stern 2013 Mustang
40%
Stern 2001 NFL
40%
American Pinball 2019 Oktoberfest
40%
Bally Midway 1987 Party Animal
40%
Capcom 1995 Pinball Magic
40%
Spooky Pinball 2016 Rob Zombie Spookshow Spectacular
40%
Bally Williams 1996 Safecracker
40%
Stern 2000 Sharkey's Shootout
40%
Premier Gottlieb 1995 Stargate
40%
Sega 1997 Star Wars Trilogy
40%
Williams 1988 Swords of Fury
40%
Williams 1992 The Getaway: High Speed II
40%
Bally Williams 1994 The Pinball Circus
40%
Data East 1988 Time Machine
40%
Zaccaria 1983 Time Machine
40%
Bally 1982 Vector
40%
Bally 1980 Xenon
40%
Capcom 1996 Airborne
38%
Premier Gottlieb 1996 Barb Wire
38%
Stern Electronics 1980 Big Game
38%
Dutch Pinball 2016 Big Lebowski
38%
Bally Midway 1988 Blackwater 100
38%
Bally 1983 BMX
38%
Premier Gottlieb 1992 Cueball Wizard
38%
Premier Gottlieb 1988 Excalibur
38%
Zaccaria 1983 Farfalla
38%
Bally 1981 Flash Gordon
38%
Premier Gottlieb 1994 Freddy A Nightmare on Elm Street
38%
Premier Gottlieb 1986 Genesis
38%
Sega 1996 Goldeneye
38%
Williams 1986 High Speed
38%
Premier Gottlieb 1986 Hollywood Heat
38%
Sega 1996 Independence Day
38%
Williams 1981 Jungle Lord
38%
Data East 1990 King Kong
38%
Capcom 1996 Kingpin
38%
Data East 1992 Lethal Weapon 3
38%
Sega 1998 Lost In Space
38%
Data East 1989 Monday NIght Football
38%
Bally Williams 1989 Mousin Around
38%
Bally Williams 1990 Pool Sharks
38%
Data East 1988 Secret Service
38%
Williams 1985 Sorcerer
38%
Premier Gottlieb 1993 Tee'd Off
38%
Williams 1994 The Flintstones
38%
Stern 2009 24
36%
Williams 1980 Alien Poker
36%
Alvin G 1992 Al's Garage Band World Tour
36%
Premier Gottlieb 1987 Arena
36%
Bally Midway 1986 Black Belt
36%
Zaccaria 1986 Blackbelt
36%
Stern 2019 Black Knight Sword of Rage
36%
Capcom 1996 Breakshot
36%
Premier Gottlieb 1985 Chicago Cubs Triple Play
36%
Zaccaria 1984 Devil Riders
36%
Bally Midway 1987 Dungeons & Dragons
36%
Williams 1980 Firepower
36%
Capcom 1996 Flipper Football
36%
Premier Gottlieb 1986 Gold Wings
36%
Stern 1999 Harley Davidson
36%
Bally Williams 1991 Harley Davidson
36%
Stern 2001 High Roller Casino
36%
Premier Gottlieb 1991 Hoops
36%
Bally 1980 Hotdoggin
36%
Williams 1984 Laser Cue
36%
Data East 1987 Laser War
36%
Zaccaria 1984 Magic Castle
36%
Alvin G 1993 Mystery Castle
36%
Peyper 1986 Nemesis
36%
Stern Electronics 1982 Orbitor 1
36%
Williams 1989 Police Force
36%
Stern Electronics 1980 Quicksilver
36%
Bally Williams 1990 Radical
36%
Stern Electronics 1980 Seawitch
36%
Premier Gottlieb 1995 Shaq Attaq
36%
Bally 1980 Silverball Mania
36%
Bally Midway 1986 Strange Science
36%
Premier Gottlieb 1991 Surf 'n Safari
36%
Hankin 1980 The Empire Strikes Back
36%
Premier Gottlieb 1990 Title Fight
36%
Data East 1988 Torpedo Alley
36%
Spooky Pinball 2017 Total Nuclear Annihilation
36%
Premier Gottlieb 1987 Victory
36%
Stern Electronics 1981 Viper
36%
Premier Gottlieb 1993 Wipeout
36%
Peyper 1987 Wolf Man
36%
Williams 1981 Barracora
33%
Stern 2016 Batman 66
33%
Williams 1980 Blackout
33%
Premier Gottlieb 1991 Cactus Jack's
33%
Premier Gottlieb 1991 Class of 1812
33%
Bally Midway 1985 Eight Ball Champ
33%
Bally 1981 Fathom
33%
Williams 1983 Firepower II
33%
Heighway 2015 Full Throttle
33%
Stern Electronics 1980 Galaxy
33%
Sega 1998 Golden Cue
33%
Bally Midway 1983 Grand Slam
33%
Bally Midway 1987 Hardbody
33%
Hankin 1980 Howzat
33%
Bally Williams 1995 Indianapolis 500
33%
Spinball 1996 Jolly Park
33%
Zaccaria 1981 Locomotion
33%
Spinball 1995 Mach 2.0 Two
33%
Premier Gottlieb 1995 Mario Andretti
33%
Gottlieb 1981 Mars God of War
33%
Bally 1981 Medusa
33%
Zaccaria 1986 Mexico 86
33%
Williams 1987 Millionaire
33%
Zaccaria 1982 Pinball Champ 82
33%
Sonic 1987 Pole Position
33%
Premier Gottlieb 1986 Raven
33%
Zaccaria 1985 Robot
33%
Premier Gottlieb 1988 Robo-War
33%
Game Plan 1983 Sharp Shooter II
33%
Sleic 1994 Sleic Pin Ball
33%
Williams 1981 Solar Fire
33%
Bally 1982 Speakeasy
33%
Premier Gottlieb 1987 Spring Break
33%
Bally Midway 1984 Spy Hunter
33%
Zaccaria 1986 Star's Phoenix
33%
Premier Gottlieb 1995 Strikes 'n Spares
33%
Premier Gottlieb 1992 Super Mario Bros Mushroom World
33%
Sportmatic 1987 Terrific Lake
33%
Williams 1982 Thunderball
33%
Apple One 1987 Thunderman
33%
Bally Williams 1989 Transporter the Rescue
33%
Bally Williams 1988 Truck Stop
33%
Premier Gottlieb 1988 TX-Sector
33%
Williams 1982 Varkon
33%
Spinball 1996 Verne's World
33%
Bally 1980 Viking
33%
Sega 1998 Viper Night Drivin
33%
Gottlieb 1981 Volcano
33%
Premier Gottlieb 1995 Waterworld
33%
Zaccaria 1986 Zankor
33%
Alvin G 1991 AG Soccer
31%
Gottlieb 1980 Asteroid Annie and the Aliens
31%
Bally 1982 Baby Pac-Man
31%
Premier Gottlieb 1988 Bad Girls
31%
Inder 1986 Canasta 86
31%
Stern Electronics 1980 Cheetah
31%
Game Plan 1985 Cyclopes
31%
Stern 2006 Dale Jr
31%
Williams 1982 Defender
31%
Bally 1981 Embryon
31%
Bally 1981 Fireball II
31%
Bally Midway 1983 Gold Ball
31%
Bally Midway 1987 Heavy Metal Meltdown
31%
Premier Gottlieb 1989 Hot Shots
31%
Bally Midway 1985 Hot Shotz
31%
Game Plan 1985 Lady Sharpshooter
31%
Stern Electronics 1981 Lightning
31%
Premier Gottlieb 1987 Monte Carlo
31%
Stern 2016 Pabst Can Crusher
31%
Juegos Populares 1984 Petaco
31%
Juegos Populares 1985 Petaco 2
31%
Gottlieb 1981 Pink Panther
31%
Alvin G 1993 Pistol Poker
31%
Alvin G 1993 Punchy the Clown
31%
Williams 1986 Road Kings
31%
Williams 1990 Rollergames
31%
Bally Midway 1986 Special Force
31%
Premier Gottlieb 1993 Street Fighter II
31%
Bally Williams 1990 The Bally Game Show
31%
Bally Midway 1984 X's & O's
31%
Game Plan 1984 Attila the Hun
29%
Gottlieb 1980 Buck Rogers
29%
Inder 1993 Bushido
29%
Bally Midway 1983 Centaur II
29%
Bell Games 1987 Cobra
29%
Mr Game 1988 Dakar
29%
Gottlieb 1982 Devil's Dare
29%
Bally Midway 1988 Escape From The Lost World
29%
Stern 2005 Grand Prix
29%
Stern 2017 Guardians of the Galaxy
29%
Williams 1983 Joust
29%
Gottlieb 1983 Krull
29%
Stern Electronics 1984 Lazer Lord
29%
Bally 1980 Mystic
29%
Stern Electronics 1980 Nine Ball
29%
Peyper 1985 Odin
29%
Williams 1981 Pharoah
29%
Zaccaria 1985 Pool Champion
29%
Gottlieb 1982 Punk
29%
Gottlieb 1983 Q*Bert's Quest
29%
Williams 1990 Riverboat Gambler
29%
Premier Gottlieb 1986 Rock Encore
29%
Premier Gottlieb 1990 Silver Slugger
29%
Bally 1982 Spectrum
29%
Stern Electronics 1981 Split Second
29%
Stern Electronics 1980 Star Gazer
29%
Zaccaria 1980 Star God
29%
Premier Gottlieb 1985 Tag Team Pinball
29%
Unidesa 1987 White Force
29%
Williams 1980 Algar
26%
Gottlieb 1983 Amazon Hunt
26%
Playmatic 1980 Black Fever
26%
Bally Williams 1991 Bugs Bunny Birthday Ball
26%
Game Plan 1985 Captain Hook
26%
Gottlieb 1982 Caveman
26%
Bally Midway 1987 City Slicker
26%
Williams 1995 Congo
26%
Bally Midway 1985 Cybernaut
26%
Premier Gottlieb 1984 El Dorado City of Gold
26%
Stern 2019 Elvira's House of Horrors
26%
Williams 1986 Grand Lizard
26%
Premier Gottlieb 1985 Ice Fever
26%
Bally Midway 1984 Kings of Steel
26%
Peyper 1987 Odisea Paris-Dakar
26%
Bally 1980 Skateball
26%
Bell Games 1986 Skill Flight
26%
Playmatic 1987 Skill Flight
26%
Zaccaria 1982 Soccer Kings
26%
Playmatic 1982 Spain 82
26%
Gottlieb 1982 Striker
26%
Premier Gottlieb 1984 Touchdown
26%
Premier Gottlieb 1990 Vegas
26%
Bell Games 1985 World Defender
26%
Premier Gottlieb 1987 Amazon Hunt II
24%
Juegos Populares 1986 Aqualand
24%
Bally Midway 1984 Black Pyramid
24%
Playmatic 1982 Cerebrus
24%
Gottlieb 1980 Counterforce
24%
Premier Gottlieb 1990 Deadly Weapon
24%
Gottlieb 1982 Eclipse
24%
Bally 1981 Elektra
24%
Juegos Populares 1985 Faeton
24%
Bally 1980 Frontier
24%
Playmatic 1984 Megaaton
24%
Inder 1992 Metal Man
24%
Bally Midway 1986 Motordome
24%
Juegos Populares 1986 Olympus
24%
Game Plan 1980 Pinball Lizard
24%
Technoplay 1988 Space Team
24%
Bell Games 1984 Tiger Rag
24%
Williams 1983 Time Fantasy
24%
Playmatic 1984 UFO-X
24%
Game Plan 1984 Agents 777
21%
Juegos Populares 1986 America 1492
21%
Game Plan 1985 Andromeda
21%
Inder 1991 Atleta
21%
Premier Gottlieb 1989 Big House
21%
Inder 1989 Cosario
21%
Technoplay 1987 Devil King
21%
Stern Electronics 1981 Dragonfist
21%
Zaccaria 1981 Earth Wind and Fire
21%
Playmatic 1986 Flash Dragon
21%
Stern Electronics 1981 Freefall
21%
Bally Williams 1991 Gilligan's Island
21%
Gottlieb 1983 Goin Nuts
21%
Juegos Populares 1986 Halley's Comet
21%
Unidesa 1987 Iron Balls
21%
Juegos Populares 1987 Lortium
21%
Mr Game 1989 Mac Attack
21%
Bally 1982 Mr & Mrs Pac-Man
21%
Bally 1980 Nitro Ground Shaker
21%
Gottlieb 1980 Panthera
21%
Technoplay 1987 Scramble
21%
Unidesa 1986 Space Ship
21%
Stern 2000 Striker Xtreme
21%
Bell Games 1984 Super Bowl
21%
Bell Games 1987 U-Boat 65
21%
Williams 1982 Warlok
21%
Technoplay 1987 X-Force
21%
Playmatic 1980 Zira
21%
Bally Williams 1989 Atlantis
19%
Bally Midway 1985 Beat the Clock
19%
Premier Gottlieb 1991 Carhop
19%
Gottlieb 1981 Force II
19%
Sonic 1986 Gamatron
19%
Premier Gottlieb 1993 Gladiators
19%
Playmatic 1984 KZ-26
19%
Bally Midway 1986 Lady Luck
19%
Inder 1990 Mundial 90
19%
Zaccaria 1986 Mystic Star
19%
Bell Games 1985 New Wave
19%
Premier Gottlieb 1992 Operation Thunder
19%
Playmatic 1985 Rock 2500
19%
Gottlieb 1980 Roller Disco
19%
Inder 1980 Skateboard
19%
Zaccaria 1986 Spooky
19%
Premier Gottlieb 1994 World Challenge Soccer
19%
Inder 1992 250cc
17%
Sleic 1992 Bike Race
17%
Inder 1985 Brave Team
17%
Premier Gottlieb 1988 Diamond Lady
17%
Zaccaria 1980 Fire Mountain
17%
Sportmatic 1984 Flash Man
17%
Sleic 1996 Io Moon
17%
Mr Game 1989 Motor Show
17%
Bell Games 1983 Pin Ball Pool
17%
Sonic 1986 Solar Wars
17%
Playmatic 1984 The Raid
17%
Sleic 1996 Dona Elvira
14%
Playmatic 1980 Evil Fight
14%
Bell Games 1987 Future Queen
14%
Bell Games 1985 Saturn 2
14%
Bell Games 1986 Space Hawks
14%
Playmatic 1985 Stop Ship
14%
Playmatic 1980 Super Win
14%
Premier Gottlieb 1985 Bounty Hunter
12%
Playmatic 1984 Nautilus
12%
Gottlieb 1983 Super Orbit
12%
Bell Games 1987 F1 Grand Prix
10%
Inder 1986 Lap By Lap
10%
Unidesa 1987 Mephisto
10%
Inder 1987 Moon Light
10%
Williams 1980 Scorpion
10%
Williams 1984 Star Light
10%
Unidesa 1988 Cirsa Sport 2000
7%
Inder 1990 Flip VI
7%
Game Plan 1981 Global Warfare
7%
Playmatic 1985 Star Fire
7%
Game Plan 1980 Super Nova
7%
Playmatic 1985 Trailer
7%
Mr Game 1990 World Cup 90
7%
Williams 1982 Cosmic Gunfight
5%
Bell Games 1986 Dark Shadows
5%
Bell Games 1982 Fantasy
5%
Sonic 1988 Hang On
5%
Technoplay 1987 Hi-Ball
5%
Gottlieb 1983 Royal Flush Deluxe
5%
Bell Games 1987 Top Pin
5%
Gottlieb 1980 Torch
5%
Playmatic 1985 Mad Race
2%
Gottlieb 1980 Time Line
2%
Bell Games 1985 Cosmic Flash
0%
Mr Game 1990 Fast Track
0%
No matching quizzes found
Score Distribution
Percent of People with Each Score
Percentile by Number Answered
Your Score History
You have not taken this quiz since the last reset